[Event "Fuerstenfeld U18 op 6th"]
[Site "Fuerstenfeld"]
[Date "2023.07.21"]
[Round "3"]
[White "Schernthaner, Tim"]
[Black "Heuchl, Raphael Hermann"]
[Result "0-1"]
[WhiteElo "1284"]
[BlackElo "1312"]
[PlyCount "46"]
[EventDate "2023.07.20"]
[EventType "swiss"]
[EventRounds "7"]
[EventCountry "AUT"]
[SourceTitle "CBM 215 Extra"]
[Source "ChessBase"]
[SourceDate "2023.09.30"]
[SourceVersion "1"]
[SourceVersionDate "2023.09.30"]
[SourceQuality "1"]

1. e4 d6 2. d4 Nf6 3. Nc3 g6 4. f3 Bg7 5. Be3 0-0 6. Qd2 e5 7. 0-0-0 Re8 8. Bh6 exd4 9. Nb5 c5 10. Bxg7 Kxg7 11. Na3 a6 12. g4 b5 13. h4 h5 14. gxh5 Nxh5 15. Ne2 Qf6 16. f4 Bg4 17. f5 Rxe4 18. fxg6 fxg6 19. Bg2 Rxe2 20. Qd3 Rxg2 21. Qe4 Qf4+ 22. Qxf4 Nxf4 23. Rdf1 Ne2+ 0-1